<Die> Auswirkungen der Venture Capital-Finanzierung auf die Unternehmenspolitik diplomová práca

Guardado en:
Detalles Bibliográficos
Autor principal: Sadovský, Juraj
Autores Corporativos: Ekonomická univerzita v Bratislave. Ústav medzinárodných programov, Martin-Luther-Universität Halle-Wittenberg
Otros Autores: Laitenberger, Jorg
Formato: Libro
Lenguaje:alemán
Publicado: Bratislava 2010
Etiquetas: Agregar Etiqueta
Sin Etiquetas, Sea el primero en etiquetar este registro!

MARC

LEADER 00000nam$a2200000$$$4500
001 0126041
005 20240318115002.2
041 0 |a ger 
044 |a SK 
245 1 0 |a <Die> Auswirkungen der Venture Capital-Finanzierung auf die Unternehmenspolitik  |b diplomová práca  |c Juraj Sadovský ; škol. Jörg Laitenberger 
264 1 |a Bratislava  |c 2010 
300 |a 75 s. 
500 |a Celouniverzitný študijný program: Medzinárodný finančný manažment (Internationales Finanzmanagement) 
100 1 |a Sadovský, Juraj 
700 1 |a Laitenberger, Jorg 
710 2 |a Ekonomická univerzita v Bratislave. Ústav medzinárodných programov 
710 2 |a Martin-Luther-Universität Halle-Wittenberg